5 capitali del mondo su una mappa in 15 secondi - Statistics

Statistiche generali
  • Questo quiz è stato fatto 247 volte
  • Il punteggio medio è 2 su 5
Risposte nella Mappa
Le risposte nella mappa del quiz sottostante sono codificate secondo una scala di colori dal rosso al verde in base alla % di persone che hanno risposto correttamente.
 
Statistiche sulle risposte
capitale % Corretto
Accra
100%
Ashgabat
100%
Banjul
100%
Bogotà
100%
Brasília
100%
Bruxelles
100%
Bucarest
100%
Caracas
100%
Città del Messico
100%
Colombo
100%
Doha
100%
Dublino
100%
Gaborone
100%
Islamabad
100%
Khartum
100%
Kiev
100%
L'Avana
100%
Libreville
100%
Lisbona
100%
Lomé
100%
Londra
100%
Lubiana
100%
Madrid
100%
Mbabane
100%
Mosca
100%
Nassau
100%
N'Djamena
100%
Nicosia
100%
Nukuʻalofa
100%
Nuova Delhi
100%
Ouagadougou
100%
Paramaribo
100%
Parigi
100%
Port Louis
100%
Quito
100%
Rabat
100%
Reykjavík
100%
Roma | Città del Vaticano
100%
Sana'a
100%
San Marino
100%
Santiago
100%
São Tomé
100%
Singapore
100%
Taipei
100%
Tunisi
100%
Varsavia
100%
Vilnius
100%
Abu Dhabi
50%
Asmara
50%
Atene
50%
Bandar Seri Begawan
50%
Berlino
50%
Città del Guatemala
50%
Conakry
50%
Gitega
50%
Giuba
50%
Kathmandu
50%
Kuala Lumpur
50%
Oslo
50%
Ottawa
50%
Skopje
50%
Stoccolma
50%
Suva
50%
Teheran
50%
Thimphu
50%
Tripoli
50%
Washington
50%
Wellington
50%
Ankara
33%
Monrovia
33%
Victoria
33%
Abuja
0%
Addis Abeba
0%
Algeri
0%
Amman
0%
Amsterdam
0%
Andorra la Vella
0%
Antananarivo
0%
Apia
0%
Asunción
0%
Baghdad
0%
Baku
0%
Bamako
0%
Bangkok
0%
Bangui
0%
Basseterre
0%
Beirut
0%
Belgrado
0%
Belmopan
0%
Berna
0%
Bishkek
0%
Bissau
0%
Bratislava
0%
Brazzaville
0%
Bridgetown
0%
Budapest
0%
Buenos Aires
0%
Canberra
0%
Castries
0%
Chișinău
0%
Copenaghen
0%
Dacca
0%
Dakar
0%
Damasco
0%
Dili
0%
Dodoma
0%
Dušanbe
0%
Erevan
0%
Freetown
0%
Funafuti
0%
Georgetown
0%
Gerusalemme
0%
Giacarta
0%
Gibuti
0%
Hanoi
0%
Harare
0%
Helsinki
0%
Honiara
0%
Il Cairo
0%
Kabul
0%
Kampala
0%
Kigali
0%
Kingston
0%
Kingstown
0%
Kinshasa
0%
Kuwait
0%
La Paz o Sucre
0%
La Valletta
0%
Lilongwe
0%
Lima
0%
Luanda
0%
Lusaka
0%
Lussemburgo
0%
Majuro
0%
Malabo
0%
Malé
0%
Managua
0%
Manama
0%
Manila
0%
Maputo
0%
Mascate
0%
Maseru
0%
Minsk
0%
Mogadiscio
0%
Monaco
0%
Montevideo
0%
Moroni
0%
Nairobi
0%
Naypyidaw
0%
Ngerulmud
0%
Niamey
0%
Nouakchott
0%
Nur-Sultan
0%
Palikir
0%
Panama
0%
Pechino
0%
Phnom Penh
0%
Podgorica
0%
Port-au-Prince
0%
Port Moresby
0%
Port of Spain
0%
Porto-Novo o Cotonou
0%
Port Vila
0%
Praga
0%
Praia
0%
Pretoria, Città del Capo o Bloemfontein
0%
Pristina
0%
Pyongyang
0%
Riga
0%
Riyād
0%
Roseau
0%
Saint George's
0%
Saint John's
0%
San José
0%
San Salvador
0%
Santo Domingo
0%
Sarajevo
0%
Seul
0%
Sofia
0%
Sud Tarawa
0%
Tallinn
0%
Tashkent
0%
Tbilisi
0%
Tegucigalpa
0%
Tirana
0%
Tokyo
0%
Ulan Bator
0%
Vaduz
0%
Vienna
0%
Vientiane
0%
Windhoek
0%
Yamoussoukro
0%
Yaoundé
0%
Yaren
0%
Zagabria
0%
Nessun quiz corrispondente trovato
Distribuzione punteggi
Percentuale di utenti per punteggio
Percentile per numero di risposta
I tuoi punteggi nel tempo
Non hai fatto questo quiz